[Event "Katowice POL-HUN 5th"]
[Site "Katowice"]
[Date "2017.05.20"]
[Round "2"]
[White "Stebel, Jacek"]
[Black "Kanarek, Marcel"]
[Result "0-1"]
[WhiteElo "1921"]
[BlackElo "2519"]
[PlyCount "86"]
[EventDate "2017.05.20"]
[EventType "swiss (rapid)"]
[EventRounds "9"]
[EventCountry "POL"]
[SourceTitle "CBM 178 Extra"]
[Source "ChessBase"]
[SourceDate "2017.06.22"]
[SourceVersion "1"]
[SourceVersionDate "2017.06.22"]
[SourceQuality "1"]

1. d4 Nf6 2. c4 g6 3. Nc3 Bg7 4. e4 d6 5. Nge2 Nc6 6. d5 Ne5 7. Ng3 c6 8. Be2 cxd5 9. cxd5 0-0 10. 0-0 Bd7 11. Be3 Qc7 12. Rc1 Rfc8 13. f4 Nc4 14. Bd4 Qa5 15. b3 Na3 16. Bf3 Nb5 17. Nxb5 Bxb5 18. Rf2 Rxc1 19. Qxc1 Nxe4 20. Bxg7 Nxf2 21. Kxf2 Qb6+ 22. Qe3 Qxe3+ 23. Kxe3 Kxg7 24. Ne4 Rc8 25. Kd2 Bd7 26. Nc3 h6 27. Be2 g5 28. fxg5 hxg5 29. Bd3 g4 30. Ne2 Rh8 31. Ke3 Rxh2 32. Be4 f5 33. Bd3 Rxg2 34. a4 Kf6 35. Nf4 Rb2 36. Bc4 a6 37. Nd3 Ra2 38. Nf4 b5 39. axb5 axb5 40. Bd3 Rb2 41. Ne2 Rxb3 42. Nd4 Rb2 43. Nc6 g3 0-1